ბათუმის შოთა რუსთაველის სახელმწიფო უნივერსიტეტის ბიბლიოთეკა

Региональные системы защиты прав человека / (ბიბ.ჩანაწერი № 58831)

000 -LEADER
fixed length control field 00787nam a22001817a 4500
005 - DATE AND TIME OF LATEST TRANSACTION
control field 20221006102825.0
008 - FIXED-LENGTH DATA ELEMENTS--GENERAL INFORMATION
fixed length control field 221006s2018 rus||||| |||| 00| 0 ru d
020 ## - INTERNATIONAL STANDARD BOOK NUMBER
International Standard Book Number 9785991994353
080 ## - UNIVERSAL DECIMAL CLASSIFICATION NUMBER
Universal Decimal Classification number 341.231.14(075.8) Р-32
245 ## - TITLE STATEMENT
Title Региональные системы защиты прав человека /
Statement of responsibility, etc. Под ред. А. Х. Абашидзе.
250 ## - EDITION STATEMENT
Edition statement 2-е изд. перераб. и дополн.
264 ## - PRODUCTION, PUBLICATION, DISTRIBUTION, MANUFACTURE, AND COPYRIGHT NOTICE
Place of production, publication, distribution, manufacture Москва :
Name of producer, publisher, distributor, manufacturer Юрайт,
Date of production, publication, distribution, manufacture, or copyright notice 2018.
300 ## - PHYSICAL DESCRIPTION
Extent 377 стр. ;
Other physical details 24 см.
653 ## - INDEX TERM--UNCONTROLLED
keyword ადამიანის უფლებათა დაცვის რეგიონული სისტემები
653 ## - INDEX TERM--UNCONTROLLED
keyword სამართალი
700 ## - ADDED ENTRY--PERSONAL NAME
Personal name Абашидзе, А. Х.
Relator term რედაქტორი
9 (RLIN) 432
942 ## - ADDED ENTRY ELEMENTS (KOHA)
Source of classification or shelving scheme
Koha item type წიგნი
ეგზემპლარები
Withdrawn status Lost status Source of classification or shelving scheme Damaged status Not for loan Permanent Location Current Location Shelving location Date acquired Cost, normal purchase price Full call number Barcode Date last seen Copy number Price effective from Koha item type Public note
          ბათუმის შოთა რუსთაველის სახელმწიფო უნივერსიტეტის მთავარი ბიბლიოთეკა ბათუმის შოთა რუსთაველის სახელმწიფო უნივერსიტეტის მთავარი ბიბლიოთეკა წიგნსაცავი 2022-10-06 15.00 341.231.14(075.8) Р-32 28603 2022-10-06 28603 2022-10-06 წიგნი 15 ლ.
          ბათუმის შოთა რუსთაველის სახელმწიფო უნივერსიტეტის მთავარი ბიბლიოთეკა ბათუმის შოთა რუსთაველის სახელმწიფო უნივერსიტეტის მთავარი ბიბლიოთეკა წიგნსაცავი 2022-10-06 15.00 341.231.14(075.8) Р-32 28604 2022-10-06 28604 2022-10-06 წიგნი 15 ლ.